| 000 | 00385nam a2200109Ia 4500 | ||
|---|---|---|---|
| 008 | 180219s9999 xx 000 0 und d | ||
| 020 | _a9789715132558 | ||
| 100 | _aQuiambao-Udan, Josie | ||
| 245 |
_aNCLEX-RN TEST-PREP for international nurses series II : _bmedical-surgical nursing and pharmacology |
||
| 260 |
_aErmita City _bEducational publishing house _c2009 |
||
| 300 | _av, 989 pages | ||
| 999 |
_c355958 _d355958 |
||